[Event "SVK-chT2A 1213"]
[Site "Slovakia"]
[Date "2013.03.17"]
[Round "11.7"]
[White "Juhas, Jan"]
[Black "Spacek, Marcel"]
[Result "0-1"]
[WhiteElo "1782"]
[BlackElo "1846"]
[PlyCount "82"]
[EventDate "2012.10.13"]
[EventType "team-tourn"]
[EventRounds "11"]
[EventCountry "SVK"]
[SourceTitle "EXT 2015"]
[Source "ChessBase"]
[SourceDate "2014.11.20"]
[SourceVersion "1"]
[SourceVersionDate "2014.11.20"]
[SourceQuality "1"]
[WhiteTeam "Devinska Nova Ves II"]
[BlackTeam "Osuske II"]
[WhiteTeamCountry "SVK"]
[BlackTeamCountry "SVK"]

1. d4 Nf6 2. c4 g6 3. Nc3 Bg7 4. Nf3 0-0 5. Bg5 d6 6. e3 Na6 7. Be2 c5 8. d5 Nc7 9. 0-0 Rb8 10. Rb1 Bd7 11. a4 b6 12. Nb5 a6 13. Nxc7 Qxc7 14. Bd3 b5 15. axb5 axb5 16. b3 Rb7 17. Qd2 Rfb8 18. Qc2 Be8 19. e4 Ra8 20. b4 bxc4 21. Qxc4 Bb5 22. Qc2 c4 23. Be2 Rba7 24. Nd4 Ba4 25. Qxc4 Nxe4 26. Nf3 Nc3 27. Qxc7 Nxe2+ 28. Kh1 Rxc7 29. Rbe1 Bb5 30. Bd2 Ra2 31. h3 Rcc2 32. Be3 Rcb2 33. g3 Rxb4 34. Rb1 Rxb1 35. Rxb1 Nc3 36. Rc1 Bc4 37. Nd4 Bxd5+ 38. Kh2 Ra3 39. Nb5 Nxb5 40. Rc8+ Bf8 41. Bh6 Ra8 0-1